[Event "CAN-ch U12 Online"]
[Site "chess.com"]
[Date "2020.11.08"]
[Round "2.46"]
[White "Chen, Drake"]
[Black "Huang, Winston"]
[Result "1-0"]
[WhiteElo "1000"]
[BlackElo "1150"]
[PlyCount "149"]
[EventDate "2020.11.08"]
[EventType "swiss (rapid)"]
[EventRounds "6"]
[EventCountry "CAN"]

1. e4 e5 2. Nf3 Nc6 3. Bc4 Bc5 4. d3 Nf6 5. c3 d6 6. h3 Be6 7. Bb3 O-O 8. O-O
Re8 9. Re1 d5 10. Nbd2 Qd6 11. exd5 Bxd5 12. Bxd5 Nxd5 13. Nc4 Qd8 14. Ncxe5
Nxe5 15. Nxe5 Qf6 16. Nf3 Qb6 17. d4 Bd6 18. Rxe8+ Rxe8 19. c4 Nf4 20. Bxf4
Bxf4 21. b3 c5 22. d5 Qd6 23. Qd3 b6 24. Qf5 Qf6 25. Qxf6 gxf6 26. Re1 Rxe1+
27. Nxe1 Kf8 28. Nd3 Bd2 29. Kf1 Ke7 30. Ke2 Bc3 31. g4 Kd6 32. Ke3 Bd4+ 33.
Ke4 a6 34. a4 Bc3 35. f4 Bd4 36. Nc1 Bb2 37. Ne2 Ba1 38. h4 Bb2 39. Kd3 Ba1 40.
Kc2 f5 41. g5 Bg7 42. Ng3 Bh8 43. Nxf5+ Kd7 44. Kd3 f6 45. Ke4 fxg5 46. fxg5
Ke8 47. h5 Kf7 48. Nd6+ Ke7 49. Nc8+ Kd7 50. Nxb6+ Kc7 51. a5 Bg7 52. g6 hxg6
53. hxg6 Kd6 54. Kf5 Ke7 55. Nc8+ Kd7 56. Na7 Kc7 57. Nc6 Kd6 58. Na7 Kd7 59.
Nc6 Kd6 60. b4 cxb4 61. Nxb4 Kc5 62. Nxa6+ Kxc4 63. d6 Bf8 64. d7 Be7 65. g7
Kb5 66. g8=Q Kxa6 67. Qc4+ Kxa5 68. Qc7+ Kb5 69. d8=Q Bxd8 70. Qxd8 Ka6 71. Qb8
Ka5 72. Ke5 Ka4 73. Kd4 Ka5 74. Kc5 Ka6 75. Qb6# 1-0

[Event "CAN-ch U12 Online"]
[Site "chess.com"]
[Date "2020.11.08"]
[Round "2.48"]
[White "Mourad, Michel"]
[Black "Zhou, Leonardo"]
[Result "1-0"]
[WhiteElo "970"]
[BlackElo "1078"]
[PlyCount "169"]
[EventDate "2020.11.08"]
[EventType "swiss (rapid)"]
[EventRounds "6"]
[EventCountry "CAN"]

1. d4 d5 2. c4 e6 3. Nc3 Nf6 4. Bg5 Be7 5. e3 h6 6. Bh4 Nc6 7. Nf3 a6 8. cxd5
exd5 9. Bd3 Bg4 10. h3 Bh5 11. Bxf6 Bxf6 12. g4 Bg6 13. Bxg6 fxg6 14. Qb3 Rb8
15. Qxd5 Nb4 16. Qxd8+ Rxd8 17. O-O Kf7 18. a3 Nd5 19. Nxd5 Rxd5 20. Rac1 c6
21. b4 h5 22. g5 Bxg5 23. Nxg5+ Rxg5+ 24. Kh2 Rd8 25. a4 Rgd5 26. Kg3 g5 27. f4
Ke6 28. fxg5 Rxg5+ 29. Kh2 h4 30. Rg1 Rxg1 31. Rxg1 Rg8 32. Rg5 Kf6 33. Rg4 g5
34. e4 Rd8 35. e5+ Kg6 36. Kg2 Rf8 37. Re4 Re8 38. Kf3 Kf5 39. Rg4 Re6 40. Ke3
Re7 41. Kd3 b6 42. Kc4 Rd7 43. b5 cxb5+ 44. axb5 a5 45. e6 Re7 46. d5 Rc7+ 47.
Kd4 Rg7 48. Kc4 Kf6 49. Kd3 Ke7 50. Ke4 Kf6 51. Kd3 Ra7 52. Ra4 Ke5 53. Re4+
Kd6 54. Kc3 Re7 55. Kd4 a4 56. Re3 Ra7 57. Ra3 Ra8 58. Rc3 a3 59. Rc6+ Ke7 60.
Ke5 a2 61. d6+ Kf8 62. e7+ Kf7 63. Rc1 Ra5 64. Rf1+ Kg7 65. e8=Q a1=Q+ 66. Rxa1
Rxa1 67. Qe7+ Kg8 68. Qxg5+ Kf8 69. Qf6+ Kg8 70. d7 Re1+ 71. Kd6 Rd1+ 72. Kc7
Rc1+ 73. Kxb6 Rd1 74. d8=Q+ Rxd8 75. Qxd8+ Kh7 76. Qxh4+ Kg7 77. Qg5+ Kf7 78.
h4 Ke6 79. h5 Kf7 80. h6 Ke6 81. h7 Kd7 82. h8=Q Ke6 83. Qhf6+ Kd7 84. Qgg7+
Ke8 85. Qff8# 1-0

[Event "CAN-ch U12 Online"]
[Site "chess.com"]
[Date "2020.11.08"]
[Round "3.41"]
[White "Chandra, Anand Rishi"]
[Black "Yang, Tim"]
[Result "1-0"]
[WhiteElo "2115"]
[BlackElo "676"]
[PlyCount "81"]
[EventDate "2020.11.08"]
[EventType "swiss (rapid)"]
[EventRounds "6"]
[EventCountry "CAN"]

1. e4 e5 2. Nf3 Nc6 3. Bc4 Bc5 4. O-O Nf6 5. d3 d6 6. c3 Be6 7. Bxe6 fxe6 8. d4
exd4 9. cxd4 Bb4 10. Bg5 O-O 11. Qb3 Qd7 12. d5 Nd8 13. Qxb4 a5 14. Qd4 e5 15.
Qd3 Qe7 16. Nbd2 Nf7 17. Bxf6 Qxf6 18. Rac1 Rfc8 19. Qb5 Nd8 20. Qe8+ Qf8 21.
Qxf8+ Kxf8 22. Ng5 Kg8 23. f4 b6 24. fxe5 dxe5 25. Nc4 Nb7 26. Ne6 Nc5 27. Nxc5
bxc5 28. Ne3 Rcb8 29. Rf2 Rb5 30. Nc4 Rab8 31. Nxe5 Rxb2 32. Rxb2 Rxb2 33. Rxc5
Rxa2 34. Rxc7 h6 35. d6 Ra1+ 36. Kf2 Ra2+ 37. Kg3 Rd2 38. d7 Rd4 39. Rc8+ Kh7
40. d8=Q Rxe4 41. Qh8# 1-0

[Event "CAN-ch U12 Online"]
[Site "chess.com"]
[Date "2020.11.08"]
[Round "3.43"]
[White "Chen, Drake"]
[Black "Yang, Jingyun (Ryan)"]
[Result "0-1"]
[WhiteElo "1000"]
[BlackElo "1584"]
[PlyCount "66"]
[EventDate "2020.11.08"]
[EventType "swiss (rapid)"]
[EventRounds "6"]
[EventCountry "CAN"]

1. e4 e5 2. Nf3 Nc6 3. Bc4 Bc5 4. d3 Nf6 5. c3 O-O 6. O-O h6 7. h3 d6 8. Bb3
Be6 9. Bc2 Bb6 10. Be3 d5 11. Bxb6 axb6 12. Nbd2 dxe4 13. dxe4 Qe7 14. Qe2 Rfd8
15. Bb3 Nh5 16. Bxe6 Qxe6 17. Qc4 Qg6 18. Nh4 Qf6 19. Ndf3 Nf4 20. Kh1 Rd7 21.
Rfe1 Rad8 22. Qb3 Nd3 23. Re2 Nf4 24. Ree1 Rd3 25. Rad1 Ne7 26. Rxd3 Nxd3 27.
Re2 Nc1 28. Qb5 Nxe2 29. Qxe2 g5 30. Nf5 Nxf5 31. exf5 Qxf5 32. Qxe5 Qxe5 33.
Nxe5 Rd2 0-1

[Event "CAN-ch U12 Online"]
[Site "chess.com"]
[Date "2020.11.08"]
[Round "3.47"]
[White "Ran, Sean"]
[Black "Zhou, Leonardo"]
[Result "1-0"]
[WhiteElo "1287"]
[BlackElo "1078"]
[PlyCount "41"]
[EventDate "2020.11.08"]
[EventType "swiss (rapid)"]
[EventRounds "6"]
[EventCountry "CAN"]

1. e4 e6 2. d4 d5 3. e5 c5 4. c3 Nc6 5. Nf3 Qb6 6. Bd3 cxd4 7. cxd4 Bb4+ 8. Nc3
Bd7 9. O-O Nxd4 10. Nxd4 Qxd4 11. Nb5 Qb6 12. Be3 Bc5 13. Bxc5 Qxc5 14. Rc1 Qb6
15. Nc7+ Ke7 16. Nxa8 Qxb2 17. Qe1 Qxa2 18. Qb4+ Kd8 19. Qf8+ Be8 20. Rc8+ Kxc8
21. Qxe8# 1-0

[Event "CAN-ch U12 Online"]
[Site "chess.com"]
[Date "2020.11.08"]
[Round "3.48"]
[White "Huang, Winston"]
[Black "Suresh, Pavan"]
[Result "1-0"]
[WhiteElo "1150"]
[BlackElo "990"]
[PlyCount "139"]
[EventDate "2020.11.08"]
[EventType "swiss (rapid)"]
[EventRounds "6"]
[EventCountry "CAN"]

1. d4 e5 2. dxe5 Nc6 3. Nf3 Qe7 4. Bf4 Qb4+ 5. Bd2 Qxb2 6. Nc3 Nb4 7. Nd4 c5 8.
Rb1 Qa3 9. Ndb5 Qa5 10. Nd5 Qxa2 11. Nxb4 cxb4 12. Nc7+ Kd8 13. Nxa8 b6 14.
Bg5+ f6 15. exf6 Nxf6 16. Bf4 Bb7 17. Nc7 Qc4 18. e3 Qc3+ 19. Qd2 Qxd2+ 20.
Kxd2 g5 21. Bxg5 Kxc7 22. Bxf6 Rg8 23. f3 a5 24. e4 Bh6+ 25. Ke1 Rf8 26. Be5+
Kc8 27. Bb5 Bc6 28. Bxc6 dxc6 29. c3 Re8 30. Bd4 c5 31. Bf6 Bf8 32. cxb4 cxb4
33. Ke2 Re6 34. Bd4 Bc5 35. Bxc5 bxc5 36. Rhc1 Rc6 37. Ra1 b3 38. Rxa5 c4 39.
Rb5 Rc7 40. Kd2 Rd7+ 41. Kc3 Rc7 42. Kd4 Rd7+ 43. Kxc4 Rc7+ 44. Rc5 Rxc5+ 45.
Kxc5 b2 46. Rb1 Kd7 47. Rxb2 Ke6 48. f4 Kf6 49. g4 h6 50. Rb6+ Kg7 51. h4 Kh7
52. g5 Kg7 53. gxh6+ Kh7 54. h5 Kg8 55. Rb7 Kh8 56. e5 Kg8 57. Rg7+ Kh8 58.
Rh7+ Kxh7 59. e6 Kg8 60. e7 Kf7 61. h7 Kxe7 62. h8=Q Kf7 63. Qh6 Kg8 64. Qg6+
Kh8 65. Qf6+ Kg8 66. Qe7 Kh8 67. Kd5 Kg8 68. Ke6 Kh8 69. Kf6 Kg8 70. Qg7# 1-0

[Event "CAN-ch U12 Online"]
[Site "chess.com"]
[Date "2020.11.08"]
[Round "4.42"]
[White "Yang, Jingyun (Ryan)"]
[Black "Xu, Xinge"]
[Result "0-1"]
[WhiteElo "1584"]
[BlackElo "1441"]
[PlyCount "68"]
[EventDate "2020.11.08"]
[EventType "swiss (rapid)"]
[EventRounds "6"]
[EventCountry "CAN"]

1. g3 e5 2. Bg2 d5 3. d4 Nc6 4. dxe5 Nxe5 5. Qxd5 Bd6 6. Qd1 Nf6 7. Nf3 Nxf3+
8. Bxf3 Qe7 9. Bg5 h6 10. Bxf6 Qxf6 11. Nc3 O-O 12. O-O Bh3 13. Bg2 Bxg2 14.
Kxg2 Rad8 15. Qc1 Bb4 16. Ne4 Qc6 17. f3 Rfe8 18. c3 Rxe4 19. fxe4 Qxe4+ 20.
Rf3 Qxe2+ 21. Rf2 Qe4+ 22. Rf3 Qe2+ 23. Rf2 Qe4+ 24. Rf3 Bc5 25. Qf4 Qe2+ 26.
Kh3 f6 27. b3 Rd5 28. g4 h5 29. Raf1 Rg5 30. gxh5 Qg2+ 31. Kh4 Be7 32. R1f2
Rg4+ 33. Qxg4 f5+ 34. Qg5 Bxg5# 0-1

[Event "CAN-ch U12 Online"]
[Site "chess.com"]
[Date "2020.11.08"]
[Round "4.43"]
[White "Yang, Tim"]
[Black "Fang, Zhou"]
[Result "0-1"]
[WhiteElo "676"]
[BlackElo "1670"]
[PlyCount "122"]
[EventDate "2020.11.08"]
[EventType "swiss (rapid)"]
[EventRounds "6"]
[EventCountry "CAN"]

1. e4 d6 2. d4 Nf6 3. Nc3 Nbd7 4. Nf3 e5 5. d5 Be7 6. Bc4 c6 7. Be3 Qc7 8. O-O
h6 9. h3 g5 10. Nh2 Nf8 11. Qe2 Ng6 12. Rad1 Nf4 13. Bxf4 gxf4 14. Nf3 Rg8 15.
Rfe1 Bxh3 16. Kf1 Bxg2+ 17. Kg1 Bxf3+ 18. Kf1 Bxe2+ 19. Rxe2 Qd7 20. Ke1 Rg1+
21. Kd2 Rxd1+ 22. Kxd1 Qg4 23. Ke1 h5 24. Kf1 h4 25. Ke1 Qg1+ 26. Kd2 h3 27. f3
Qh2 28. Rxh2 b5 29. Bf1 b4 30. Na4 cxd5 31. exd5 Nxd5 32. Rxh3 Kd7 33. Bb5+ Ke6
34. Rh6+ f6 35. Bc4 Rg8 36. Rh3 Rg2+ 37. Kd3 f5 38. Rh6+ Bf6 39. Rxf6+ Kxf6 40.
Bxd5 Rg3 41. Ke2 e4 42. fxe4 Ke5 43. Bc6 fxe4 44. Kf2 e3+ 45. Ke2 Rh3 46. Bg2
Rh2 47. Kf1 e2+ 48. Kxe2 Rxg2+ 49. Kf3 Rxc2 50. Kg4 Ke4 51. a3 bxa3 52. bxa3 f3
53. Kg3 Ke3 54. Kh3 f2 55. Kg2 Ke2 56. Kg3 f1=Q 57. Nc3+ Rxc3+ 58. Kg4 Qg2+ 59.
Kf4 Qg3+ 60. Ke4 Qf3+ 61. Kd4 Qd3# 0-1

[Event "CAN-ch U12 Online"]
[Site "chess.com"]
[Date "2020.11.08"]
[Round "4.46"]
[White "Yao, Eric"]
[Black "Huang, Winston"]
[Result "0-1"]
[WhiteElo "892"]
[BlackElo "1150"]
[PlyCount "44"]
[EventDate "2020.11.08"]
[EventType "swiss (rapid)"]
[EventRounds "6"]
[EventCountry "CAN"]

1. e4 e5 2. Nf3 Nc6 3. Bc4 Bc5 4. b4 Bxb4 5. c3 Ba5 6. O-O Nf6 7. Ng5 O-O 8. d4
h6 9. Nxf7 Rxf7 10. Bxf7+ Kxf7 11. Qb3+ d5 12. exd5 Qxd5 13. Qxd5+ Nxd5 14. c4
Ndb4 15. dxe5 Nc2 16. Bb2 Nxa1 17. Bxa1 Be6 18. Na3 Rd8 19. f4 Bb4 20. Nb5 Bxc4
21. Nxc7 Bc5+ 22. Rf2 Rd1# 0-1

[Event "CAN-ch U12 Online"]
[Site "chess.com"]
[Date "2020.11.08"]
[Round "4.47"]
[White "Shen, Yining"]
[Black "Chen, Drake"]
[Result "0-1"]
[WhiteElo "719"]
[BlackElo "1000"]
[PlyCount "134"]
[EventDate "2020.11.08"]
[EventType "swiss (rapid)"]
[EventRounds "6"]
[EventCountry "CAN"]

1. e4 e5 2. Bc4 Nf6 3. d3 Bc5 4. Nf3 Nc6 5. Nc3 d6 6. h3 h6 7. Be3 Bb6 8. Qe2
O-O 9. Nd5 Bxe3 10. fxe3 Na5 11. Bb3 Nxb3 12. axb3 c6 13. Nc3 Qe7 14. d4 Re8
15. d5 cxd5 16. exd5 b6 17. e4 Nh5 18. Qf2 Nf4 19. Ne2 Nxe2 20. Qxe2 f5 21. O-O
Qf6 22. exf5 Bxf5 23. Nd2 Qg6 24. Qf3 Rf8 25. c3 Bd3 26. Qe3 Bxf1 27. Nxf1 Qg5
28. Qe4 Qf4 29. Qd3 Qf2+ 30. Kh1 Qxb2 31. Rb1 Qf2 32. c4 Qf5 33. Qg3 Rf6 34.
Ne3 Qf2 35. Qxf2 Rxf2 36. Ng4 Rf4 37. Kh2 Raf8 38. Ne3 Rf2 39. Ra1 a5 40. Ng4
Rf1 41. Ra2 Rb1 42. Ra3 Rff1 43. Kg3 Ra1 44. Rxa1 Rxa1 45. Nf2 Rb1 46. Ne4
Rxb3+ 47. Kg4 g6 48. Nxd6 a4 49. Nb5 Rxb5 50. cxb5 a3 51. Kf3 a2 52. Ke4 a1=Q
53. Kf3 Qd4 54. Kg3 Qxd5 55. Kf2 e4 56. Ke3 Qd3+ 57. Kf2 e3+ 58. Kf3 e2+ 59.
Kf2 Qxb5 60. g4 e1=Q+ 61. Kxe1 Qb2 62. Kd1 Kf7 63. Ke1 Ke6 64. Kd1 Ke5 65. Ke1
Ke4 66. Kf1 Kf3 67. Ke1 Qe2# 0-1

[Event "CAN-ch U12 Online"]
[Site "chess.com"]
[Date "2020.11.08"]
[Round "5.43"]
[White "Huang, Winston"]
[Black "Tran, Tri"]
[Result "0-1"]
[WhiteElo "1150"]
[BlackElo "1373"]
[PlyCount "114"]
[EventDate "2020.11.08"]
[EventType "swiss (rapid)"]
[EventRounds "6"]
[EventCountry "CAN"]

1. d4 d5 2. c4 e6 3. Nc3 Nf6 4. Bg5 c6 5. Nf3 Nbd7 6. e3 dxc4 7. Bxc4 b5 8. Bb3
a6 9. O-O c5 10. d5 c4 11. dxe6 fxe6 12. Bc2 Be7 13. Qe2 O-O 14. Rad1 Qb6 15.
Bxf6 Nxf6 16. Ng5 h6 17. Nf3 Bd6 18. e4 e5 19. Nd5 Nxd5 20. exd5 Bg4 21. h3
Bxf3 22. gxf3 Qd8 23. Qe4 Rf4 24. Qh7+ Kf8 25. Qg6 Rxf3 26. Qg4 Rf4 27. Qg3 Qh4
28. a3 Qxg3+ 29. fxg3 Rxf1+ 30. Rxf1+ Ke7 31. Bg6 Rf8 32. Rxf8 Kxf8 33. Kf2 Ke7
34. Ke3 Kd7 35. Ke4 a5 36. Ke3 b4 37. axb4 axb4 38. Kd2 Kc7 39. Kc2 Kb6 40. b3
cxb3+ 41. Kxb3 Kc5 42. Be4 Kd4 43. Bg2 e4 44. Kc2 Bxg3 45. Kd2 Kxd5 46. Ke3
Bf2+ 47. Kxf2 Kd4 48. Ke2 b3 49. Kd2 e3+ 50. Kd1 b2 51. Kc2 e2 52. Kxb2 e1=Q
53. Kc2 Qe2+ 54. Kb3 Qxg2 55. Kb4 Qb2+ 56. Ka5 Kc5 57. Ka6 Qb6# 0-1

[Event "CAN-ch U12 Online"]
[Site "chess.com"]
[Date "2020.11.08"]
[Round "5.45"]
[White "Chen, Drake"]
[Black "Yang, Tim"]
[Result "1-0"]
[WhiteElo "1000"]
[BlackElo "676"]
[PlyCount "73"]
[EventDate "2020.11.08"]
[EventType "swiss (rapid)"]
[EventRounds "6"]
[EventCountry "CAN"]

1. e4 e5 2. Nf3 Nc6 3. Bc4 Bc5 4. d3 Nf6 5. O-O d6 6. h3 Be6 7. Bb3 O-O 8. c3
Qe7 9. Bc2 h6 10. d4 exd4 11. cxd4 Bb6 12. d5 Bxd5 13. exd5 Nb4 14. Re1 Qd7 15.
Nc3 c6 16. Ba4 Qc7 17. dxc6 bxc6 18. a3 Na6 19. Bf4 Rad8 20. Qe2 Nc5 21. Rad1
Rfe8 22. Qd2 Nb7 23. Rxe8+ Nxe8 24. Nd4 Bc5 25. Nxc6 Rc8 26. Nd4 Nf6 27. Ncb5
Qe7 28. Re1 Qd8 29. b4 Bb6 30. Nf5 Bc7 31. Nxc7 Rxc7 32. Nxd6 Nxd6 33. Qxd6 Qc8
34. Qxc7 Qf8 35. Qb8 Nd5 36. Qxf8+ Kxf8 37. Re8# 1-0

[Event "CAN-ch U12 Online"]
[Site "chess.com"]
[Date "2020.11.08"]
[Round "6.42"]
[White "Fang, Zhou"]
[Black "Chen, Drake"]
[Result "1-0"]
[WhiteElo "1670"]
[BlackElo "1000"]
[PlyCount "39"]
[EventDate "2020.11.08"]
[EventType "swiss (rapid)"]
[EventRounds "6"]
[EventCountry "CAN"]

1. e4 e5 2. f4 d6 3. Nf3 Nc6 4. Bc4 Nf6 5. Nc3 Na5 6. Bb3 Nxb3 7. axb3 c6 8.
fxe5 dxe5 9. Nxe5 Qd4 10. Nf3 Qb6 11. d4 Bb4 12. Qd3 Bxc3+ 13. bxc3 O-O 14. O-O
Re8 15. e5 Nd5 16. Ng5 g6 17. Nxh7 Kxh7 18. Rxf7+ Kh8 19. Qxg6 Rg8 20. Qh7# 1-0

[Event "CAN-ch U12 Online"]
[Site "chess.com"]
[Date "2020.11.08"]
[Round "6.44"]
[White "Lu, Tony"]
[Black "Huang, Winston"]
[Result "1-0"]
[WhiteElo "1110"]
[BlackElo "1150"]
[PlyCount "53"]
[EventDate "2020.11.08"]
[EventType "swiss (rapid)"]
[EventRounds "6"]
[EventCountry "CAN"]

1. e4 e5 2. Nf3 Nc6 3. d4 exd4 4. Bc4 Bc5 5. O-O Nge7 6. c3 dxc3 7. Nxc3 O-O 8.
Bg5 h5 9. Nh4 g6 10. Nxg6 Re8 11. Qf3 d5 12. Bxd5 Be6 13. Bxe6 fxe6 14. Qxh5
Bd4 15. Rad1 Bg7 16. Rxd8 Raxd8 17. h3 Nxg6 18. Bxd8 Nf4 19. Qxe8+ Kh7 20. Bxc7
Ng6 21. Qxe6 Nce5 22. f4 Nd3 23. f5 Nf8 24. Qf7 Kh6 25. Bf4+ Nxf4 26. Rxf4 Bd4+
27. Kh1 1-0

[Event "CAN-ch U12 Online"]
[Site "chess.com"]
[Date "2020.11.08"]
[Round "6.46"]
[White "Suresh, Pavan"]
[Black "Zhou, Leonardo"]
[Result "0-1"]
[WhiteElo "990"]
[BlackElo "1078"]
[PlyCount "150"]
[EventDate "2020.11.08"]
[EventType "swiss (rapid)"]
[EventRounds "6"]
[EventCountry "CAN"]

1. e4 e6 2. d4 d5 3. e5 c5 4. dxc5 Bxc5 5. Nf3 Nc6 6. g3 Bd7 7. Bg2 Qb6 8. O-O
Nge7 9. Nc3 Ng6 10. Na4 Qb5 11. Nc3 Qa5 12. Re1 O-O 13. Bd2 Qc7 14. Nb5 Qb6 15.
Qe2 Bxf2+ 16. Qxf2 Qxb5 17. b3 Qb6 18. Be3 Qa6 19. Bf1 b5 20. a4 Qb7 21. Bxb5
Ncxe5 22. Bxd7 Nxf3+ 23. Qxf3 Qxd7 24. Rad1 Qc7 25. Rc1 Rfd8 26. Bf4 Nxf4 27.
Qxf4 Qxf4 28. gxf4 Re8 29. Rcd1 Rac8 30. Rd2 Rcd8 31. Rde2 h6 32. f5 Rd6 33.
fxe6 fxe6 34. c4 dxc4 35. bxc4 Rc6 36. a5 Ra6 37. Kf2 Rxa5 38. Rxe6 Rf5+ 39.
Kg3 Rxe6 40. Rxe6 Rc5 41. Re8+ Kf7 42. Ra8 a5 43. Ra7+ Kg6 44. Ra6+ Kh7 45. Kf3
h5 46. Ke3 Rxc4 47. Rxa5 Rh4 48. Ra2 Kh6 49. Kf3 g6 50. Kg3 Rg4+ 51. Kh3 Rg1
52. Rg2 Rxg2 53. Kxg2 h4 54. Kh3 Kh5 55. Kg2 Kg4 56. h3+ Kf4 57. Kf2 g5 58. Kg2
Ke3 59. Kh2 Kf2 60. Kh1 Kg3 61. Kg1 Kxh3 62. Kh1 Kg3 63. Kg1 Kf3 64. Kf1 g4 65.
Kg1 g3 66. Kh1 h3 67. Kg1 h2+ 68. Kh1 g2+ 69. Kxh2 Kf2 70. Kh3 g1=Q 71. Kh4 Kf3
72. Kh5 Kf4 73. Kh6 Kf5 74. Kh7 Kf6 75. Kh8 Qg7# 0-1

[Event "CAN-ch U12 w Online"]
[Site "chess.com"]
[Date "2020.11.08"]
[Round "1.51"]
[White "Jiang, Hancy"]
[Black "Chen, Rachel Ruoxuan"]
[Result "0-1"]
[WhiteElo "1096"]
[BlackElo "1606"]
[PlyCount "150"]
[EventDate "2020.11.08"]
[EventType "swiss (rapid)"]
[EventRounds "6"]
[EventCountry "CAN"]

1. d4 Nf6 2. Bf4 d5 3. e3 c5 4. c3 Nc6 5. Nf3 Qb6 6. Qc1 Bf5 7. Nbd2 e6 8. Be2
Be7 9. Bg3 h6 10. Ne5 Rc8 11. Bd1 O-O 12. Nb3 cxd4 13. exd4 Rfd8 14. O-O Ne4
15. Bf4 Bf6 16. Nxc6 Rxc6 17. f3 Nd6 18. Bc2 Bxc2 19. Qxc2 Bxd4+ 20. Nxd4 Qxd4+
21. cxd4 Rxc2 22. b3 Nf5 23. Rfc1 Rxc1+ 24. Rxc1 Nxd4 25. Kf2 Rd7 26. Be3 Nc6
27. a3 d4 28. Bd2 Kf8 29. b4 a6 30. Rd1 Ke7 31. Ke2 Ne5 32. Bc1 Nc4 33. Kd3 b5
34. f4 f6 35. Ke4 e5 36. fxe5 fxe5 37. Kd3 Ke6 38. Re1 Kd5 39. Re2 e4+ 40. Rxe4
Ne5+ 41. Rxe5+ Kxe5 42. Bb2 g5 43. g3 h5 44. h4 gxh4 45. gxh4 Kf4 46. Bc1+ Kg4
47. Bg5 Rd5 48. Bf6 Rf5 49. Be7 Rf3+ 50. Kxd4 Rxa3 51. Kd5 Rc3 52. Kd4 Rc7 53.
Bd6 Rc4+ 54. Kd5 Kxh4 55. Bc5 Kg3 56. Kc6 h4 57. Kb6 h3 58. Kxa6 Rxc5 59. bxc5
h2 60. Kxb5 h1=Q 61. Kb6 Qh8 62. Kc7 Qg7+ 63. Kb6 Qf8 64. c6 Qc8 65. c7 Kf4 66.
Kc6 Ke5 67. Kb6 Kd6 68. Kb5 Qxc7 69. Kb4 Qc5+ 70. Kb3 Kd5 71. Kb2 Kd4 72. Kb3
Qc3+ 73. Ka2 Qb4 74. Ka1 Kc3 75. Ka2 Qb2# 0-1

[Event "CAN-ch U12 w Online"]
[Site "chess.com"]
[Date "2020.11.08"]
[Round "1.52"]
[White "Mok, Gillian"]
[Black "Yang, Jing Yao"]
[Result "0-1"]
[WhiteElo "1475"]
[BlackElo "1081"]
[PlyCount "162"]
[EventDate "2020.11.08"]
[EventType "swiss (rapid)"]
[EventRounds "6"]
[EventCountry "CAN"]

1. e4 c5 2. Nf3 d6 3. d4 cxd4 4. Nxd4 Nf6 5. Nc3 g6 6. Be2 Bg7 7. Be3 O-O 8.
O-O Nc6 9. Kh1 Bd7 10. f4 Kh8 11. Bf3 Rc8 12. Qe1 a6 13. a3 Ng4 14. Nxc6 Rxc6
15. e5 Nxe3 16. Qxe3 Qb6 17. Qd3 Rcc8 18. Nd5 Qd8 19. Qe4 dxe5 20. fxe5 Bc6 21.
Rad1 e6 22. Nf6 Bxe4 23. Rxd8 Rfxd8 24. Bxe4 Bxf6 25. exf6 Rc7 26. h3 Rd4 27.
Bd3 h5 28. b3 e5 29. Re1 Rc6 30. Rxe5 Rxf6 31. Re7 b5 32. Kh2 Kg7 33. Ra7 Rdd6
34. Re7 Rfe6 35. Rc7 Kf6 36. Kg3 Re7 37. Rc8 Re1 38. Kf2 Ra1 39. Rc5 Rxa3 40.
Ke2 Ra2 41. Kf3 Ke6 42. Rc8 Ke7 43. Ra8 Rb6 44. Ra7+ Kf6 45. Ra8 a5 46. Rg8 a4
47. g4 hxg4+ 48. hxg4 axb3 49. cxb3 Rb2 50. Kf4 Rxb3 51. Be4 Rb4 52. g5+ Ke7
53. Kf3 Rxe4 54. Kxe4 b4 55. Rc8 b3 56. Rc1 b2 57. Rb1 Ke6 58. Kf4 Rb4+ 59. Ke3
Kf5 60. Kd3 Kxg5 61. Rg1+ Kf6 62. Rf1+ Kg7 63. Rb1 f5 64. Kc3 Rb8 65. Kd3 g5
66. Ke3 Kg6 67. Kf3 Rb4 68. Kg3 g4 69. Kh4 Kf6 70. Kg3 Kg5 71. Kg2 f4 72. Kh2
Rb3 73. Kg2 g3 74. Kh3 Kf5 75. Kg2 Kg4 76. Kf1 f3 77. Kg1 g2 78. Kh2 Kf4 79.
Kg1 Kg3 80. Rxb2 f2+ 81. Rxf2 Rb1+ 0-1

[Event "CAN-ch U12 w Online"]
[Site "chess.com"]
[Date "2020.11.08"]
[Round "2.51"]
[White "Chen, Rachel Ruoxuan"]
[Black "Giasson, Coralie"]
[Result "1-0"]
[WhiteElo "1606"]
[BlackElo "1007"]
[PlyCount "95"]
[EventDate "2020.11.08"]
[EventType "swiss (rapid)"]
[EventRounds "6"]
[EventCountry "CAN"]

1. e4 c5 2. Nf3 d6 3. d4 cxd4 4. Nxd4 Nc6 5. Nc3 Nf6 6. Bg5 g6 7. Bxf6 exf6 8.
Bc4 Bg7 9. Ndb5 O-O 10. Qxd6 Qxd6 11. Nxd6 Nb4 12. O-O-O a6 13. a3 Nc6 14. Nd5
Be6 15. Nc7 Rad8 16. Bxe6 fxe6 17. Nxe6 Kh8 18. Nxd8 Nxd8 19. Rd3 Nf7 20. Nxf7+
Rxf7 21. Rd8+ Bf8 22. Rhd1 Kg7 23. R1d7 Be7 24. Rb8 b5 25. Rbb7 Kf8 26. Ra7 f5
27. exf5 gxf5 28. f4 Ke8 29. Rdb7 Kf8 30. Kb1 h5 31. Rxa6 h4 32. Rg6 Ke8 33.
Rg8+ Rf8 34. Rxf8+ Bxf8 35. Rxb5 Ke7 36. a4 Ke6 37. a5 Bd6 38. g3 hxg3 39. hxg3
Kf6 40. a6 Kg6 41. Rb6 Kh5 42. Rxd6 Kg4 43. Rg6+ Kf3 44. a7 Ke4 45. a8=Q+ Ke3
46. Re6+ Kd2 47. Qg2+ Kd1 48. Qe2# 1-0

[Event "CAN-ch U12 w Online"]
[Site "chess.com"]
[Date "2020.11.08"]
[Round "2.52"]
[White "Zhong, April Yunwei"]
[Black "Mok, Gillian"]
[Result "0-1"]
[WhiteElo "1392"]
[BlackElo "1475"]
[PlyCount "98"]
[EventDate "2020.11.08"]
[EventType "swiss (rapid)"]
[EventRounds "6"]
[EventCountry "CAN"]

1. d4 Nf6 2. Nf3 g6 3. e3 Bg7 4. c4 d6 5. Nc3 Bf5 6. Bd3 Bxd3 7. Qxd3 Nbd7 8.
b4 O-O 9. Bb2 e5 10. d5 a5 11. a3 Qe7 12. e4 Nh5 13. g3 f5 14. h4 Qf7 15. Ng5
fxe4 16. Ncxe4 Qf5 17. Qe2 Ndf6 18. f3 Nxe4 19. fxe4 Qf6 20. Qg2 Bh6 21. Rf1
Qxf1+ 22. Qxf1 Rxf1+ 23. Kxf1 Bxg5 24. hxg5 Nxg3+ 25. Kg2 Nxe4 26. Rc1 axb4 27.
axb4 Ra2 28. Rc2 Nxg5 29. c5 Ne4 30. Kf3 Nc3 31. Rxc3 Rxb2 32. cxd6 cxd6 33.
Rc8+ Kg7 34. Rc7+ Kf6 35. Rxb7 h5 36. b5 g5 37. Rd7 g4+ 38. Kg3 Kg5 39. Rg7+
Kh6 40. Rd7 Rxb5 41. Rxd6+ Kg5 42. Rd8 h4+ 43. Kg2 Rb2+ 44. Kg1 Kf4 45. d6 h3
46. Rf8+ Kg3 47. Kf1 h2 48. Rh8 Rd2 49. Ke1 Rxd6 0-1

[Event "CAN-ch U12 w Online"]
[Site "chess.com"]
[Date "2020.11.08"]
[Round "3.50"]
[White "Guo, Anni"]
[Black "Chen, Rachel Ruoxuan"]
[Result "1-0"]
[WhiteElo "1948"]
[BlackElo "1606"]
[PlyCount "115"]
[EventDate "2020.11.08"]
[EventType "swiss (rapid)"]
[EventRounds "6"]
[EventCountry "CAN"]

1. e4 e5 2. Nf3 Nc6 3. Bb5 a6 4. Bxc6 dxc6 5. O-O Bg4 6. h3 h5 7. d3 Qf6 8. Be3
Bxf3 9. Qxf3 Qxf3 10. gxf3 Bd6 11. Nd2 Ne7 12. Nc4 Ng6 13. Kh2 O-O-O 14. Rg1
Rh7 15. a4 Nh4 16. Kg3 Ng6 17. Rad1 Rf8 18. c3 f5 19. Nxd6+ cxd6 20. Kh2 f4 21.
Rxg6 fxe3 22. Kg2 exf2 23. Kxf2 Rf6 24. Rdg1 Rxg6 25. Rxg6 Kd7 26. Kg3 Ke7 27.
h4 Kd7 28. f4 Ke7 29. f5 Kd7 30. d4 Ke7 31. Re6+ Kd7 32. dxe5 dxe5 33. Rxe5 Rh6
34. Kf4 b6 35. Kg5 Rd6 36. Kxh5 Rd2 37. Kg6 Rg2+ 38. Kf7 Rg4 39. Re7+ Kd6 40.
e5+ Kd5 41. e6 Rf4 42. Rd7+ Kc5 43. b4+ Kc4 44. Rd4+ Rxd4 45. cxd4 Kxd4 46. e7
c5 47. bxc5 bxc5 48. e8=Q c4 49. Qd7+ Kc3 50. Kxg7 Kc2 51. f6 c3 52. f7 Kb1 53.
f8=Q c2 54. Qf1+ Kb2 55. Qd4+ Kb3 56. Qfd3+ Ka2 57. Qxc2+ Ka3 58. Qdc3# 1-0

[Event "CAN-ch U12 w Online"]
[Site "chess.com"]
[Date "2020.11.08"]
[Round "3.51"]
[White "Mok, Gillian"]
[Black "Jiang, Hancy"]
[Result "1-0"]
[WhiteElo "1475"]
[BlackElo "1096"]
[PlyCount "73"]
[EventDate "2020.11.08"]
[EventType "swiss (rapid)"]
[EventRounds "6"]
[EventCountry "CAN"]

1. e4 c6 2. d4 d5 3. exd5 cxd5 4. Nf3 Nf6 5. c4 e6 6. Nc3 Nc6 7. Bg5 Be7 8. Bd3
dxc4 9. Bxc4 h6 10. Bf4 a6 11. O-O O-O 12. a3 Bd7 13. Qc2 b5 14. Bd3 Kh8 15.
Rfe1 Re8 16. Qd2 Bf8 17. Ne5 Kg8 18. Qe3 Qb6 19. Nxd7 Nxd7 20. Qg3 Kh8 21. d5
exd5 22. Nxd5 Qb7 23. Nc7 Rxe1+ 24. Rxe1 Rd8 25. Be4 Qb6 26. h3 Nf6 27. Qh4
Nxe4 28. Rxe4 Rd1+ 29. Kh2 g5 30. Qg4 Rb1 31. Re8 Qc5 32. Bg3 f5 33. Qe2 f4 34.
Qe4 Rxb2 35. Bxf4 gxf4 36. Ne6 Qe5 37. Rxf8# 1-0